000
00294nam a2200133Ia 4500
008
240624s9999 xx 000 0 und d
041
_a
eng
082
_a
658.4063 OSU
100
_a
O′SULLIVAN DAVID
245
_a
APPLYING INNOVATION
260
_c
2008
300
_a
424 p.
365
_c
_b
30
999
_c
31348
_d
31348